书目信息 |
| 题名: |
最新大学英语学习手册
|
|
| 作者: | 王迈迈 编著 | |
| 分册: | 1 | |
| 出版信息: | 北京 科学出版社 1998.07 |
|
| 页数: | 358 | |
| 开本: | 24cm | |
| 丛书名: | ||
| 单 册: | ||
| 中图分类: | H002 | |
| 科图分类: | ||
| 主题词: | 语言学 | |
| 电子资源: | ||
| ISBN: | 978-7-80090-749-4 | |
| 000 | 00582nam0 2200181 450 | |
| 001 | 202410309971615701 | |
| 005 | 20241030163335.54 | |
| 010 | @a978-7-80090-749-4@d¥10.00 | |
| 100 | @a20241030d km y0chiy0120 ea | |
| 101 | 0 | @achi |
| 200 | 1 | @a最新大学英语学习手册@AZui Xin Da Xue Ying Yu Xue Xi Shou Ce@h1@f王迈迈编著@FWang Mai Mai Bian Zhu |
| 210 | @a北京@c科学出版社@d1998.07 | |
| 215 | @a358@d24cm | |
| 606 | 0 | @a语言学 |
| 690 | @aH002@v4 | |
| 701 | 0 | @a王迈迈@AWang Mai Mai@4编著 |
| 801 | 0 | @aCN@b大连网信软件有限公司图书馆·11@c20241030 |
| 905 | @aZUCC@b1428474@dH002@e390:1@f1 | |
| 最新大学英语学习手册.1/王迈迈编著.-北京:科学出版社,1998.07 |
| 358;24cm |
| ISBN 978-7-80090-749-4:¥10.00 |
| ● |
| 相关链接 |
|
|
|
|
正题名:最新大学英语学习手册
索取号:H002/390:1
 
预约/预借
| 序号 | 登录号 | 条形码 | 馆藏地/架位号 | 状态 | 备注 |
| 1 | 1428474 | 214284745 | 密集书库—外国语学院/ [索取号:H002/390:1] | 在馆 |